|
|
|
|
| LEADER |
00000nam a2200000 a 4500 |
| 001 |
2951 |
| 005 |
20230308184701.0 |
| 008 |
003111|2000 ||||||||r|||||||||||spa|| |
| 040 |
|
|
|b spa
|
| 041 |
1 |
|
|a spa
|
| 082 |
0 |
|
|a 301
|
| 100 |
1 |
|
|a Arteaga Aguirre, Catalina.
|9 113646
|
| 245 |
0 |
0 |
|a Modernización agraria y construcción de identidades
|c Catalina Arteaga Aguirre
|h imp
|
| 250 |
|
|
|a 1a ed.
|
| 264 |
|
|
|a México
|b Centro de etudios para el desarrollo de la mujer
|c 2000
|
| 300 |
|
|
|a 200 páginas:
|b tab
|c 23 cm
|
| 504 |
|
|
|a incl. ref.
|
| 650 |
|
|
|a Identidad social
|9 57770
|
| 650 |
|
|
|a Identidad laboral
|9 113647
|
| 650 |
|
|
|a Modernizacion agricola
|9 113648
|
| 852 |
|
|
|a UC-YANUNCAY
|c SALA 1 AGROPECUARIAS
|f Donación
|k gsegarra
|l 1
|m General
|p 20031110
|q 1,00
|t 2951
|b 0
|d CDRY
|e CDRY
|g 301 SALA 1 AGROPECUARIAS
|z 2003-31-11
|
| 942 |
|
|
|c BK
|
| 999 |
|
|
|c 67074
|d 67074
|